00661nam a22002057a 450000500170000000800410001702000180005804000210007604100080009708200170010524500980012225000120022026000330023230000100026565000680027570000240034370000270036770000310039470000300042520260515115034.0240903b |||||||| |||| 00| 0 eng d a9789358496345 aIN-DiNCcIN-DiNC dasm a320.954bSAM aSamasamayik bharatat unnayan prakriya aru samajik andolan (minor3)/cby Deepan Das and others a1st ed. aDibrugarh:bBanalata,c2024. a254p. aDevelopment processes and social movement in contemporary India aDas, Deepaneauthor aDutta, Silpikaeauthor aPrasad, Subhanjalieauthor aBaruah, Santisayaeauthor